书目信息 |
| 题名: |
地下水利用
|
|
| 作者: | 施坰林, , 杨路华, , 周维博, 主编 | |
| 分册: | ||
| 出版信息: | 北京 中国水利水电出版社 2007.01 |
|
| 页数: | 255页 | |
| 开本: | 26cm | |
| 丛书名: | ||
| 单 册: | ||
| 中图分类: | P641.8 | |
| 科图分类: | ||
| 主题词: | 地下水资源--di xia shui zi yuan--资源利用--高等学校--教材 | |
| 电子资源: | ||
| ISBN: | 978-7-5084-4143-6 | |
| 000 | 01016nam0 2200265 450 | |
| 001 | 012007612342 | |
| 005 | 20071030085203.11 | |
| 010 | @a978-7-5084-4143-6@dCNY27.00 | |
| 100 | @a20070901d2007 km y0chiy0120 ea | |
| 101 | 0 | @achi |
| 102 | @aCN@b110000 | |
| 105 | @aa a 000yy | |
| 200 | 1 | @a地下水利用@Adi xia shui li yong@f周维博, 施坰林, 杨路华主编@Fzhou wei bo,shi jiong lin,yang lu hua zhu bian |
| 210 | @a北京@c中国水利水电出版社@d2007.01 | |
| 215 | @a255页@c图@d26cm | |
| 300 | @a高等学校“十一五”精品规划教材 | |
| 320 | @a有书目 (第255页)。 | |
| 330 | @a本书共分9章,主要内容包括地下水的分类、特点及运移规律,地下水利用中文地质参数及其他的布鲁塞尔方法,地下水资源的计算与评价、管井出水量的计算等。 | |
| 606 | 0 | @a地下水资源@Adi xia shui zi yuan@x资源利用@x高等学校@j教材 |
| 690 | @aP641.8@v4 | |
| 701 | 0 | @a施坰林,@Ashi jiong lin@f1953- @4主编 |
| 701 | 0 | @a杨路华,@Ayang lu hua@f1970- @4主编 |
| 701 | 0 | @a周维博,@Azhou wei bo@f1956- @4主编 |
| 801 | 0 | @aCN@c20071030 |
| 905 | @dP641.8@eZ800 | |
| 地下水利用/周维博, 施坰林, 杨路华主编.-北京:中国水利水电出版社,2007.01 |
| 255页:图;26cm |
| 高等学校“十一五”精品规划教材 |
| ISBN 978-7-5084-4143-6:CNY27.00 |
| 本书共分9章,主要内容包括地下水的分类、特点及运移规律,地下水利用中文地质参数及其他的布鲁塞尔方法,地下水资源的计算与评价、管井出水量的计算等。 |
| ● |
| 相关链接 |
|
|
|
正题名:地下水利用
索取号:P641.8/Z800
 
预约/预借
| 序号 | 登录号 | 条形码 | 馆藏地/架位号 | 状态 | 备注 |
| 1 | 262298 | 202622983 | 自科库401/401自科库 128排1列6层/ [索取号:P641.8/Z800] | 在馆 | |
| 2 | 262299 | 202622992 | 自科库401/401自科库 133排1列3层/ [索取号:P641.8/Z800] | 在馆 | |
| 3 | 262300 | 202623009 | 期刊室512/401自科库 128排1列6层/ [索取号:P641.8/Z800] | 在馆 |